00345nam a2200133Ia 4500008004100000040001700041041001200058082001300070100001900083245003500102250001300137260004600150300001500196230917s9999||||xx |||||||||||||| ||und|| e183308aMAIN aEnglish a342 K48A aKesari, U.P.D. 0aLectures on Administrative law a18th ed. aAllahabadbCentral Law Pyblicationsc2010 axi, 572 p.